CONTABILIDAD DE COSTOS: UN ENFOQUE GERENCIAL (Registro nro. 227061)
[ vista simple ]
| 000 -LEADER | |
|---|---|
| campo de control de longitud fija | 00749nam a2200277Ia 4500 |
| 005 - FECHA Y HORA DE LA ÚLTIMA TRANSACCIÓN | |
| campo de control | 20250425162330.0 |
| 008 - DATOS DE LONGITUD FIJA--INFORMACIÓN GENERAL | |
| campo de control de longitud fija | 250425s9999 xx 000 0 und d |
| 020 ## - NÚMERO INTERNACIONAL ESTÁNDAR DEL LIBRO | |
| Número Internacional Estándar del Libro | 9702607612 |
| 041 ## - CÓDIGO DE IDIOMA | |
| Código de lengua del texto/banda sonora o título independiente | spa |
| 043 ## - CÓDIGO DE ÁREA GEOGRÁFICA | |
| Código de área geográfica | mx |
| 082 ## - NÚMERO DE LA CLASIFICACIÓN DECIMAL DEWEY | |
| Número de clasificación | 657.42 |
| 010 ## - NÚMERO DE CONTROL DE LA BIBLIOTECA DEL CONGRESO | |
| Número de control de LC | 63093 |
| 100 ## - ENTRADA PRINCIPAL--NOMBRE DE PERSONA | |
| Nombre de persona | HORNGREN, CHARLES T. |
| 245 #0 - MENCIÓN DEL TÍTULO | |
| Título | CONTABILIDAD DE COSTOS: UN ENFOQUE GERENCIAL |
| 250 ## - MENCION DE EDICION | |
| Mención de edición | 12A ED. |
| 260 ## - PUBLICACIÓN, DISTRIBUCIÓN, ETC. | |
| Lugar de publicación, distribución, etc. | MEXICO |
| 260 ## - PUBLICACIÓN, DISTRIBUCIÓN, ETC. | |
| Lugar de publicación, distribución, etc. | México |
| Nombre del editor, distribuidor, etc. | PEARSON EDUCATION |
| Fecha de publicación, distribución, etc. | 2007 |
| 300 ## - DESCRIPCIÓN FÍSICA | |
| Extensión | 868 |
| 500 ## - NOTA GENERAL | |
| Nota general | Título Traducido: COST ACCOUNTING: A MANAGERIAL EMPHASIS |
| 650 ## - PUNTO DE ACCESO ADICIONAL DE MATERIA--TÉRMINO DE MATERIA | |
| Término de materia o nombre geográfico como elemento de entrada | ANALISIS DE COSTOS |
| 650 ## - PUNTO DE ACCESO ADICIONAL DE MATERIA--TÉRMINO DE MATERIA | |
| Término de materia o nombre geográfico como elemento de entrada | CONTABILIDAD DE COSTOS |
| 650 ## - PUNTO DE ACCESO ADICIONAL DE MATERIA--TÉRMINO DE MATERIA | |
| Término de materia o nombre geográfico como elemento de entrada | NEGOCIOS-INTERNET |
| 650 ## - PUNTO DE ACCESO ADICIONAL DE MATERIA--TÉRMINO DE MATERIA | |
| Término de materia o nombre geográfico como elemento de entrada | PRESUPUESTOS |
| 700 ## - ENTRADA AGREGADA--NOMBRE PERSONAL | |
| Nombre de persona | JACQUELINE L. CHAVEZ SERVIN |
| Término indicativo de función/relación | traductor |
| 942 ## - ELEMENTOS DE ENTRADA SECUNDARIOS (KOHA) | |
| Tipo de ítem Koha | Libros |
| Estatus retirado | Estado de pérdida | Estado de daño | No para préstamo | Biblioteca de origen | Biblioteca actual | Fecha de adquisición | Coste, precio normal de compra | Total de préstamos | Código de barras | Copia número | Tipo de ítem Koha | Ubicación en estantería | Etiqueta RFID | Fuente de la clasificación o esquema de estantería | Nota pública |
|---|---|---|---|---|---|---|---|---|---|---|---|---|---|---|---|
| CENTRO DE INFORMACIÓN BIBLIOTECARIA | CENTRO DE INFORMACIÓN BIBLIOTECARIA | 05/04/2014 | 25.00 | D-96175 | 29 | Libros | |||||||||
| CENTRO DE INFORMACIÓN BIBLIOTECARIA | CENTRO DE INFORMACIÓN BIBLIOTECARIA | 05/04/2014 | 25.00 | D-96176 | 30 | Libros | 0000000000000000018630 | ||||||||
| CENTRO DE INFORMACIÓN BIBLIOTECARIA | CENTRO DE INFORMACIÓN BIBLIOTECARIA | 28/07/2009 | 28.00 | 53830 | 10 | Libros | Clasificación Decimal Dewey | ||||||||
| CENTRO DE INFORMACIÓN BIBLIOTECARIA | CENTRO DE INFORMACIÓN BIBLIOTECARIA | 28/07/2009 | 28.00 | 53833 | 13 | Libros | Clasificación Decimal Dewey | ||||||||
| CENTRO DE INFORMACIÓN BIBLIOTECARIA | CENTRO DE INFORMACIÓN BIBLIOTECARIA | 28/07/2009 | 28.00 | 53835 | 15 | Libros | Clasificación Decimal Dewey | ||||||||
| CENTRO DE INFORMACIÓN BIBLIOTECARIA | CENTRO DE INFORMACIÓN BIBLIOTECARIA | 28/07/2009 | 28.00 | 53837 | 17 | Libros | Clasificación Decimal Dewey | ||||||||
| CENTRO DE INFORMACIÓN BIBLIOTECARIA | CENTRO DE INFORMACIÓN BIBLIOTECARIA | 28/07/2009 | 28.00 | 53841 | 21 | Libros | 0000000000000000018655 | Clasificación Decimal Dewey | |||||||
| CENTRO DE INFORMACIÓN BIBLIOTECARIA | CENTRO DE INFORMACIÓN BIBLIOTECARIA | 25/01/2011 | 30.00 | 54852 | 26 | Libros | 0000000000000000018635 | ||||||||
| ESCUELA DE NEGOCIOS | ESCUELA DE NEGOCIOS | 17/11/2011 | 35.00 | D-P 10867 | 32 | DONADO | |||||||||
| ESCUELA DE NEGOCIOS | ESCUELA DE NEGOCIOS | 29/11/2007 | 3508.00 | CP-13087 | 31 | ||||||||||
| FACULTAD DE INGENIERIA MECANICA Y CIENCIAS DE LA PRODUCCION | FACULTAD DE INGENIERIA MECANICA Y CIENCIAS DE LA PRODUCCION | 07/07/2009 | 28.00 | 50556 | 3 | ||||||||||
| FACULTAD DE INGENIERIA MECANICA Y CIENCIAS DE LA PRODUCCION | FACULTAD DE INGENIERIA MECANICA Y CIENCIAS DE LA PRODUCCION | 07/07/2009 | 28.00 | 50557 | 4 | ||||||||||
| FACULTAD DE INGENIERIA MECANICA Y CIENCIAS DE LA PRODUCCION | FACULTAD DE INGENIERIA MECANICA Y CIENCIAS DE LA PRODUCCION | 07/07/2009 | 28.00 | 50558 | 5 | ||||||||||
| FACULTAD DE INGENIERIA MECANICA Y CIENCIAS DE LA PRODUCCION | FACULTAD DE INGENIERIA MECANICA Y CIENCIAS DE LA PRODUCCION | 25/01/2011 | 30.00 | 50606 | 6 | ||||||||||
| FACULTAD DE INGENIERIA MECANICA Y CIENCIAS DE LA PRODUCCION | FACULTAD DE INGENIERIA MECANICA Y CIENCIAS DE LA PRODUCCION | 25/01/2011 | 30.00 | 50607 | 7 | ||||||||||
| FACULTAD DE INGENIERIA MECANICA Y CIENCIAS DE LA PRODUCCION | FACULTAD DE INGENIERIA MECANICA Y CIENCIAS DE LA PRODUCCION | 25/01/2011 | 30.00 | 50608 | 8 |